| 000 | 00546cam a2200205 4500 | ||
|---|---|---|---|
| 001 | D8876 | ||
| 008 | 090401t1985 xxu||||| |||| 00| 0 eng d | ||
| 035 | _a(Sirsi) u15920 | ||
| 041 | _aeng | ||
| 050 | _a693.893 | ||
| 100 | _aSouthern, J.R. | ||
| 245 | _aSurveying the moisture contents of cavity-filled timber-framed dwellings | ||
| 260 |
_aGarston, Watford _bBuilding Research Establishment _c1985 |
||
| 300 | _a3p. 30cm | ||
| 350 | _a0 | ||
| 490 |
_aInformation Paper _v1/85 |
||
| 700 | _aHigh, G. | ||
| 942 | _n0 | ||
| 948 | _c04/03/1997 | ||
| 999 |
_c87324 _d87324 |
||